[Event "World Blitz Women 2025"]
[Site "Doha QAT"]
[Date "2025.12.29"]
[Round "3.27"]
[White "Khademalsharieh, Sarasadat"]
[Black "Gaal, Zsoka"]
[Result "1-0"]
[WhiteTitle "IM"]
[BlackTitle "IM"]
[WhiteElo "2414"]
[BlackElo "2374"]
[WhiteFideId "12512214"]
[BlackFideId "777765"]
[EventDate "2025.12.29"]

1. d4 Nf6 2. g3 d5 3. Nf3 Bf5 4. Bg2 h6 5. c4 c6 6. Nc3 e6 7. Qb3 Qb6 8. c5 Qa6
9. Bf1 b5 10. Bg2 Qb7 11. a4 b4 12. a5 Na6 13. O-O Bxc5 14. Bf4 Be7 15. Na4 O-O
16. Rfc1 Rac8 17. Nc5 Nxc5 18. dxc5 Nd7 19. a6 Qb5 20. Nd4 Nxc5 21. Qe3 Qb6 22.
Nxf5 Bf6 23. Bd6 exf5 24. Bxc5 Qb5 25. Bxf8 Rxf8 26. Rc5 Qb6 27. Rac1 Bxb2 28.
R1c2 Bc3 29. R5xc3 bxc3 30. Qxb6 axb6 31. Rxc3 Ra8 32. Rxc6 Rxa6 33. Bxd5 Ra5
34. Rc8+ Kh7 35. Bxf7 Re5 36. e3 b5 37. Rb8 g5 38. Be8 f4 39. exf4 gxf4 40. gxf4
Rf5 41. Bxb5 Rxf4 42. Kg2 Kg7 43. Be2 Rf6 44. h4 Re6 45. Bf3 Re5 46. Rb7+ Kf6
47. h5 Rg5+ 48. Kh3 Rf5 49. Kg3 Rg5+ 50. Bg4 Re5 51. Rb6+ Kg7 52. Rg6+ Kh7 53.
f4 Re3+ 54. Bf3 Re1 55. Rc6 Rg1+ 56. Kf2 Rg7 57. Be4+ Kg8 58. Rc8+ Kf7 59. Rc7+ 1-0

[Event "World Blitz Women 2025"]
[Site "Doha QAT"]
[Date "2025.12.29"]
[Round "3.28"]
[White "Gong, Qianyun"]
[Black "Khotenashvili, Bella"]
[Result "1-0"]
[WhiteTitle "WGM"]
[BlackTitle "GM"]
[WhiteElo "2228"]
[BlackElo "2426"]
[WhiteFideId "8602425"]
[BlackFideId "13602640"]
[EventDate "2025.12.29"]

1. e4 c6 2. d4 g6 3. Nc3 Bg7 4. h4 h5 5. Be2 d6 6. Be3 b5 7. Nf3 b4 8. Nb1 Nf6
9. Nbd2 Ng4 10. Bg5 c5 11. c3 O-O 12. cxb4 cxd4 13. Nb3 f6 14. Bd2 e5 15. Bc4+
Rf7 16. O-O Bb7 17. Bxf7+ Kxf7 18. Qe2 Nd7 19. Na5 Qb6 20. Rac1 Ba6 21. Nc4 Bxc4
22. Qxc4+ Ke7 23. a4 a6 24. b5 axb5 25. axb5 Rb8 26. Qa2 Qxb5 27. Rc7 Rb7 28.
Rfc1 Rxc7 29. Rxc7 Qb6 30. Rc1 Qb8 31. Qd5 Nb6 32. Qc6 Nd7 33. Qa4 f5 34. Ng5
Qxb2 35. Qc4 Nh6 36. Qe6+ Kd8 37. Nf3 Qb5 38. Bg5+ Bf6 39. Bxf6+ Nxf6 40. Qxf6+
Kd7 41. Qg7+ Kd8 42. Qxh6 fxe4 43. Ng5 Qb2 44. Qh8+ Kd7 45. Qg7+ Kd8 46. Ne6+ 1-0

[Event "World Blitz Women 2025"]
[Site "Doha QAT"]
[Date "2025.12.29"]
[Round "3.29"]
[White "Vantika, Agrawal"]
[Black "Mamedjarova, Zeinab"]
[Result "1-0"]
[WhiteTitle "IM"]
[BlackTitle "WGM"]
[WhiteElo "2369"]
[BlackElo "2155"]
[WhiteFideId "25050389"]
[BlackFideId "13401521"]
[EventDate "2025.12.29"]

1. d4 d5 2. c4 dxc4 3. Nf3 Nf6 4. e3 c5 5. Bxc4 e6 6. O-O a6 7. Be2 Nc6 8. Nc3
Be7 9. dxc5 Bxc5 10. Qxd8+ Nxd8 11. Bd2 b5 12. Rfc1 Bb6 13. Ne5 Bb7 14. a4 b4
15. Na2 a5 16. Bb5+ Kf8 17. Nxb4 axb4 18. Bxb4+ Kg8 19. a5 Ba7 20. a6 Be4 21.
Bc5 g6 22. f3 Bd5 23. e4 Bxe4 24. fxe4 Nxe4 25. Bxa7 Rxa7 26. Rc8 Kg7 27. Rd1
Nb7 28. Rxh8 Kxh8 29. axb7 Rxb7 30. Bc6 Rxb2 31. Bxe4 Re2 32. Nxf7+ Kg7 33. Nd6
Kf6 34. g3 Ke5 35. Bf3 Ra2 36. Nc4+ Kf5 37. Rf1 Kg5 38. h4+ Kh6 39. Ne5 Ra5 40.
Re1 Kg7 41. Kg2 Kf6 42. Nd7+ Ke7 43. Ne5 Kf6 44. Ng4+ Kf7 45. Re2 Ra3 46. Ne5+
Kf6 47. Nc6 h6 48. Nd4 e5 49. Nc6 e4 50. Bxe4 g5 51. h5 Ra4 52. Rf2+ Ke6 53.
Bf5+ Kd6 54. Nd8 Ke7 55. Ne6 Ra5 56. g4 Ra3 57. Rb2 Kf6 58. Rc2 Rb3 59. Nc5 Ra3
60. Ne4+ Ke5 61. Nf2 Kf4 62. Rc4+ Ke3 63. Re4+ Kd2 64. Re6 Ra2 65. Rxh6 Ke3 66.
Re6+ Kf4 67. Re4# 1-0

[Event "World Blitz Women 2025"]
[Site "Doha QAT"]
[Date "2025.12.29"]
[Round "3.30"]
[White "Mammadzada, Gunay"]
[Black "Rudzinska, Michalina"]
[Result "0-1"]
[WhiteTitle "IM"]
[BlackTitle "WGM"]
[WhiteElo "2390"]
[BlackElo "2206"]
[WhiteFideId "13403729"]
[BlackFideId "1172883"]
[EventDate "2025.12.29"]

1. e4 c5 2. Nf3 d6 3. d4 cxd4 4. Nxd4 Nf6 5. Nc3 a6 6. g3 e5 7. Nf3 Be7 8. Bg2
O-O 9. a4 Be6 10. O-O h6 11. Nh4 Nc6 12. Nd5 Rc8 13. c3 b5 14. h3 Rb8 15. Be3
Na5 16. axb5 Bxd5 17. exd5 axb5 18. Nf5 Nc4 19. Ba7 Rb7 20. b3 Nb6 21. Bxb6 Qxb6
22. Qd3 Rc8 23. Rfc1 Bf8 24. Ne3 g6 25. Bf1 Bg7 26. Rab1 Nd7 27. b4 f5 28. c4 e4
29. Qd1 Bd4 30. cxb5 Rxc1 31. Qxc1 Rc7 32. Qd2 Ne5 33. Be2 Bc3 34. Qa2 Kg7 35.
Rc1 Bxb4 36. Rxc7+ Qxc7 37. Kg2 Bc5 38. Nc4 Nxc4 39. Bxc4 Qa7 40. Qb2+ Bd4 41.
Qc2 Qc5 42. Qa2 Kf6 43. Bf1 Qb6 44. Qd2 Qc5 45. Qxh6 Qxd5 46. Qh8+ Kf7 47. Qh7+
Bg7 48. Kg1 Qc5 49. Qh4 e3 50. fxe3 Qxe3+ 51. Kg2 Bd4 52. Qh7+ Kf6 53. Qh8+ Kf7
54. Bc4+ Ke7 55. Qh7+ Kd8 56. Qg8+ Kc7 57. Qf7+ Kb6 58. Qe6 Qf2+ 0-1

[Event "World Blitz Women 2025"]
[Site "Doha QAT"]
[Date "2025.12.29"]
[Round "3.31"]
[White "Yakubbaeva, Nilufar"]
[Black "Maltsevskaya, Aleksandra"]
[Result "1/2-1/2"]
[WhiteTitle "WGM"]
[BlackTitle "IM"]
[WhiteElo "2229"]
[BlackElo "2398"]
[WhiteFideId "14204487"]
[BlackFideId "24174041"]
[EventDate "2025.12.29"]

1. Nf3 Nf6 2. e3 g6 3. c4 Bg7 4. Nc3 d6 5. b3 e5 6. Bb2 O-O 7. d4 exd4 8. Nxd4
Nbd7 9. Be2 Nc5 10. O-O a5 11. a3 c6 12. b4 Ne6 13. Nf3 d5 14. b5 Nc5 15. bxc6
bxc6 16. cxd5 Nxd5 17. Rc1 Ne4 18. Nd4 Ndxc3 19. Bxc3 c5 20. Nb5 Nxc3 21. Nxc3
Be6 22. Qxd8 Rfxd8 23. Ne4 Bb2 24. Rxc5 Bxa3 25. Rc7 a4 26. Ng5 Bd6 27. Nxe6
fxe6 28. Rb7 a3 29. Bc4 a2 30. Bxe6+ Kh8 31. Bxa2 Rxa2 32. h4 Rf8 33. Rd1 Be5
34. f4 Ra1 35. Rxa1 Bxa1 36. Kf2 Bf6 37. g3 Rc8 38. Kf3 Rc3 39. Rf7 Bg7 40. g4
Kg8 41. Re7 Bf6 42. Re8+ Kf7 43. Ra8 Bxh4 44. Ra7+ Be7 45. Ke4 Kf6 46. g5+ Ke6
47. Ra6+ Kf7 48. Kd4 Rc7 49. e4 Rd7+ 50. Ke3 Bc5+ 51. Kf3 Re7 52. f5 Rd7 53. e5
Rc7 54. e6+ Ke8 55. f6 Rc8 56. Ke4 Bb4 57. Ra7 Bd2 58. Rxh7 Kd8 59. Rh8+ Kc7 60.
Rxc8+ Kxc8 61. Ke5 Bxg5 62. f7 Be7 63. f8=Q+ Bxf8 64. Kf6 1/2-1/2

[Event "World Blitz Women 2025"]
[Site "Doha QAT"]
[Date "2025.12.29"]
[Round "3.32"]
[White "Gunina, Valentina"]
[Black "Beydullayeva, Govhar"]
[Result "1/2-1/2"]
[WhiteTitle "GM"]
[BlackTitle "WGM"]
[WhiteElo "2393"]
[BlackElo "2364"]
[WhiteFideId "4167570"]
[BlackFideId "13413015"]
[EventDate "2025.12.29"]

1. e4 c5 2. Nf3 d6 3. Bb5+ Bd7 4. Bxd7+ Nxd7 5. O-O e6 6. c3 Ngf6 7. Re1 Be7 8.
d4 O-O 9. e5 Ne8 10. Bf4 cxd4 11. cxd4 dxe5 12. dxe5 Nc5 13. Nc3 Nc7 14. Re2
Qxd1+ 15. Rxd1 Rfd8 16. Red2 Rxd2 17. Rxd2 Rd8 18. Rxd8+ Bxd8 19. Be3 Be7 20.
Kf1 Nd3 21. b3 b6 22. Ke2 Nb4 23. Nd4 Kf8 24. f4 Ncd5 25. Nxd5 Nxd5 26. Nc6 a5
27. g4 g6 28. Kf3 Ke8 29. a4 Bf8 30. Nd4 Bc5 31. Bf2 Kd7 32. h4 h5 33. gxh5 gxh5
34. Ne2 Bxf2 35. Kxf2 Ne7 36. Ng3 Ng6 37. Nxh5 Nxh4 38. Nf6+ Kc6 39. Ne4 Nf5 40.
Ng5 Nd4 41. Nxf7 Nxb3 42. Ke3 Kd5 43. f5 exf5 44. Kf4 Ke6 45. Ng5+ Ke7 46. Kxf5
Nc5 47. Ne4 Nxa4 48. Nf6 Nc5 49. Nd5+ Kf7 50. Nxb6 a4 51. Nc4 Ke7 52. Na3 Nd3
53. Ke4 Nc5+ 54. Kd4 Nd7 55. Nc4 a3 56. Nxa3 Nxe5 57. Kxe5 1/2-1/2

[Event "World Blitz Women 2025"]
[Site "Doha QAT"]
[Date "2025.12.29"]
[Round "3.33"]
[White "Munkhzul, Turmunkh"]
[Black "Khalilova, Madinabonu"]
[Result "1/2-1/2"]
[WhiteTitle "WGM"]
[BlackTitle "WCM"]
[WhiteElo "2271"]
[BlackElo "2241"]
[WhiteFideId "4901878"]
[BlackFideId "14223422"]
[EventDate "2025.12.29"]

1. e4 e5 2. Nf3 Nc6 3. Bb5 a6 4. Bxc6 dxc6 5. Nc3 f6 6. d4 exd4 7. Qxd4 Qxd4 8.
Nxd4 Bd6 9. Be3 Ne7 10. f3 b6 11. Kf2 c5 12. Nde2 Bb7 13. Rad1 O-O-O 14. Bf4 Ng6
15. Bxd6 Rxd6 16. Ng3 Ne7 17. Nh5 Rg8 18. g4 Nc6 19. Nd5 Kb8 20. c3 Ne5 21. b3
Bxd5 22. Rxd5 Rxd5 23. exd5 Kc8 24. h3 Kd7 25. f4 Nf7 26. Re1 Nd6 27. Kf3 f5 28.
Re5 fxg4+ 29. hxg4 Kd8 30. g5 b5 31. Re6 Kd7 32. Re5 a5 33. Kg4 Kd8 34. f5 g6
35. fxg6 hxg6 36. Nf6 Rh8 37. Ne4 Rh2 38. Nxc5 Rxa2 39. Ne6+ Kc8 40. Nf8 Rg2+
41. Kf3 Rc2 42. Nxg6 Rxc3+ 43. Kf4 Rxb3 44. Ne7+ Kd7 45. Nc6 a4 46. g6 Rb1 47.
Rg5 Rf1+ 48. Ke3 Rf8 49. Ne5+ Kc8 50. Nc6 Re8+ 51. Kd3 Kd7 52. Ne5+ Kc8 53. Ng4
Rg8 54. Nf6 Rg7 55. Nh5 Rg8 56. g7 Ne8 57. Rg6 Kd8 58. Kc3 Ke7 59. Rg1 1/2-1/2

[Event "World Blitz Women 2025"]
[Site "Doha QAT"]
[Date "2025.12.29"]
[Round "3.34"]
[White "Zhapova, Yana"]
[Black "Zhu, Chen"]
[Result "1-0"]
[WhiteTitle "FM"]
[BlackTitle "GM"]
[WhiteElo "2260"]
[BlackElo "2423"]
[WhiteFideId "24278670"]
[BlackFideId "8600546"]
[EventDate "2025.12.29"]

1. e4 e5 2. Nf3 Nc6 3. Bc4 Nf6 4. d3 Be7 5. Nc3 O-O 6. a3 d6 7. Be3 Be6 8. Ng5
Bxc4 9. dxc4 h6 10. Nf3 Ng4 11. Qd2 f5 12. exf5 Rxf5 13. O-O-O Kh8 14. Kb1 a6
15. h3 Nxe3 16. fxe3 Qg8 17. Qd3 Rff8 18. Nd5 Bd8 19. Nd2 Ne7 20. Nc3 Nf5 21. g4
Nh4 22. Rdf1 Bg5 23. Nde4 Rxf1+ 24. Rxf1 Rf8 1-0

[Event "World Blitz Women 2025"]
[Site "Doha QAT"]
[Date "2025.12.29"]
[Round "3.35"]
[White "Tokhirjonova, Gulrukhbegim"]
[Black "Wang, Chuqiao"]
[Result "0-1"]
[WhiteTitle "IM"]
[BlackTitle "WIM"]
[WhiteElo "2372"]
[BlackElo "2235"]
[WhiteFideId "14203626"]
[BlackFideId "8631638"]
[EventDate "2025.12.29"]

1. d4 e6 2. g3 Nf6 3. Bg2 d5 4. Nf3 c5 5. O-O Nc6 6. e3 Be7 7. c3 O-O 8. Nbd2 b6
9. b3 Bb7 10. Bb2 cxd4 11. exd4 Rc8 12. Ne5 Nxe5 13. dxe5 Nd7 14. Re1 Qc7 15.
Qe2 Nc5 16. Rac1 Rfd8 17. h4 Ba6 18. c4 dxc4 19. Nxc4 Nd3 20. Nd6 Nxc1 21. Qxa6
Bxd6 22. exd6 Qxd6 23. Bxc1 Qb4 24. Rf1 Rc7 25. Bf4 Rcd7 26. Qe2 h6 27. h5 Qa5
28. Bf3 Qf5 29. Kg2 Qa5 30. Rh1 Qf5 31. Rh4 Qa5 32. Rg4 Kf8 33. Be5 f6 34. Bf4
Qf5 35. Rg6 Rd1 36. Qxd1 Rxd1 37. Bxd1 Qb1 38. Bf3 Qxa2 39. Bd6+ Kf7 40. b4 a5
41. bxa5 bxa5 42. Rg4 Qd2 43. Bf4 Qd7 44. Be3 a4 45. Bc5 Qb5 46. Bb4 Qa6 47. Rd4
a3 48. Rd7+ Kg8 49. Bc3 a2 50. Ba1 Qc4 51. Ra7 Qb3 52. g4 Qb1 53. Bd4 Qd3 54.
Bb2 e5 55. Ba1 e4 56. Bd1 Qxd1 57. Rxa2 Qxg4+ 58. Kf1 Qxh5 59. Ra8+ Kh7 60. Bc3
Qh1+ 61. Ke2 Qf3+ 62. Kd2 Qd3+ 0-1

[Event "World Blitz Women 2025"]
[Site "Doha QAT"]
[Date "2025.12.29"]
[Round "3.36"]
[White "Bayasgalan, Khishigbaatar"]
[Black "Jarocka, Liwia"]
[Result "1/2-1/2"]
[WhiteTitle "WCM"]
[BlackTitle "FM"]
[WhiteElo "2249"]
[BlackElo "2258"]
[WhiteFideId "4904311"]
[BlackFideId "21807558"]
[EventDate "2025.12.29"]

1. c4 e6 2. g3 d5 3. Nf3 Nf6 4. Bg2 Nc6 5. O-O Bd6 6. d4 O-O 7. Nc3 dxc4 8. Qa4
Nb4 9. Qb5 a6 10. Qxc4 b5 11. Qb3 Bb7 12. a3 Nbd5 13. Rd1 Nxc3 14. Qxc3 Qe7 15.
Bg5 Rac8 16. b4 h6 17. Bxf6 Qxf6 18. Rac1 Rfd8 19. Ne5 Bxg2 20. Kxg2 Qf5 21. f3
h5 22. e4 Qh7 23. Nc6 Re8 24. d5 exd5 25. Rxd5 h4 26. e5 Be7 27. Qd3 Qh6 28. Rd1
Qxc6 29. Qf5 Qg6 30. Qf4 Bg5 31. Qg4 Be7 32. Qd4 Rcd8 33. Qc3 Rxd5 34. Rxd5 Rd8
35. Rxd8+ Bxd8 36. Qd4 Qg5 37. f4 Qe7 38. Qd5 hxg3 39. hxg3 g6 40. Qa8 Kg7 41.
Qxa6 Qd7 42. Qb7 Be7 43. Qe4 c6 44. Qe3 Qd5+ 45. Kh2 c5 46. bxc5 Bxc5 47. Qc3
Qd4 48. Qb3 Qf2+ 49. Kh3 Qf1+ 50. Kg4 Qc4 51. Qb2 Bd4 52. Qd2 Bxe5 53. Kf3 Bf6
54. g4 Qc3+ 55. Qxc3 Bxc3 56. Ke4 Bb2 1/2-1/2

[Event "World Blitz Women 2025"]
[Site "Doha QAT"]
[Date "2025.12.29"]
[Round "3.37"]
[White "Fataliyeva, Ulviyya"]
[Black "Kamalidenova, Meruert"]
[Result "1/2-1/2"]
[WhiteTitle "IM"]
[BlackTitle "IM"]
[WhiteElo "2434"]
[BlackElo "2366"]
[WhiteFideId "13403052"]
[BlackFideId "13712802"]
[EventDate "2025.12.29"]

1. e4 c5 2. Nc3 Nc6 3. Bb5 g6 4. Bxc6 bxc6 5. d3 Bg7 6. Nge2 Rb8 7. O-O d6 8. h3
Nf6 9. f4 O-O 10. b3 Nd7 11. Rb1 f5 12. Bb2 e5 13. exf5 gxf5 14. Na4 Qh4 15. Qe1
Qxe1 16. Rbxe1 Nb6 17. Nxb6 axb6 18. Ng3 Bd7 19. fxe5 Rbe8 20. d4 cxd4 21. exd6
Be5 22. Nh5 c5 23. Bc1 Bxd6 24. Bh6 Rf7 25. Rxe8+ Bxe8 26. g4 Be5 27. gxf5 Re7
28. Bg5 Rd7 29. Nf6+ Bxf6 30. Bxf6 Bh5 31. Re1 Kf7 32. Bh4 Bf3 33. Kf2 Bd5 34.
Re5 b5 35. Ke1 c4 36. Bf2 d3 37. cxd3 cxd3 38. Kd2 Bf3 39. Re3 Be2 40. Re5 Rc7
41. Bc5 Rd7 42. Bb4 Rc7 43. Bc5 Rd7 44. a4 bxa4 45. bxa4 Rb7 46. Bd4 Rb4 47.
Re7+ Kf8 48. Bc5 Rb2+ 49. Ke3 Ra2 50. Rxh7+ Kg8 51. Rd7 Rxa4 52. f6 Bh5 53. Rg7+
Kh8 54. Kxd3 Rh4 55. Rg3 Rf4 56. Bd4 Kh7 57. Rg7+ Kh8 58. Rg5 Bf7 59. Ke3 Rh4
60. Rg3 Rh6 61. Kf2 Rg6 62. Ra3 Rg5 63. Ra7 Kg8 64. Ra8+ Kh7 65. h4 Rg4 66. Be5
Rxh4 67. Ra3 Rg4 68. Rh3+ Kg6 69. Kf3 Ra4 70. Rg3+ Kf5 71. Bb2 Rb4 72. Bc3 Rb3
73. Ke2 Rxc3 74. Rxc3 Kxf6 75. Rc5 Kg7 76. Ke3 Kh8 77. Kf4 Bg8 78. Kg5 Bh7 79.
Kh6 Bg8 80. Rc7 Bd5 81. Kg6 Bg8 1/2-1/2

[Event "World Blitz Women 2025"]
[Site "Doha QAT"]
[Date "2025.12.29"]
[Round "3.38"]
[White "Vo, Thi Kim Phung"]
[Black "Cori T., Deysi"]
[Result "1-0"]
[WhiteTitle "WGM"]
[BlackTitle "IM"]
[WhiteElo "2322"]
[BlackElo "2349"]
[WhiteFideId "12401838"]
[BlackFideId "3801934"]
[EventDate "2025.12.29"]

1. d4 g6 2. c4 Bg7 3. Nc3 c5 4. d5 Bxc3+ 5. bxc3 f5 6. h4 Nf6 7. h5 Rg8 8. hxg6
hxg6 9. Nf3 Qa5 10. Qc2 d6 11. e3 Nbd7 12. Bd3 Nb6 13. Nd2 Bd7 14. Nb3 Qa4 15.
Qe2 O-O-O 16. Nd2 e5 17. Qd1 Qa5 18. Bb2 e4 19. Be2 Ba4 20. Nb3 Qa6 21. Qb1 Nfd7
22. Nd2 Rh8 23. Rg1 Ne5 24. f4 Nexc4 25. Nxc4 Nxc4 26. Bc1 Qa5 27. Bd2 Na3 28.
Qb2 Nc2+ 29. Kf2 Nxa1 30. Rxa1 Qb6 31. Qa3 Bd7 32. c4 Rdg8 33. Bc3 Rh7 34. Bf6
Rf8 35. Bg5 Qb4 36. Qc1 Qa4 37. Qb2 Qb4 38. Qc2 Ba4 39. Qc1 Rfh8 40. Rb1 Qa5 41.
Qb2 Qb4 42. Qc1 Qa5 43. Qb2 a6 44. Qf6 Qc7 45. Qxg6 Bc2 46. Qxf5+ Kb8 47. Rb2
Bd3 48. Bxd3 exd3 49. Qxd3 Rf7 50. Qe4 Qd7 51. Qe6 Re8 52. Qxd7 Rxd7 53. Kf3 Rh7
54. f5 Re5 55. e4 Rh1 56. Re2 b5 57. cxb5 axb5 58. Bf4 Rf1+ 59. Ke3 Re8 60.
Bxd6+ Kb7 61. Bxc5 Rxf5 62. Kd4 Rg5 63. Rb2 Ka6 64. Re2 Rg4 65. d6 Kb7 66. Kd5
Rg3 67. e5 Rd3+ 68. Bd4 Rg8 69. Re4 Kc8 70. Kc6 Rd2 71. d7+ Kd8 72. e6 Rc2+ 73.
Kd6 Rd2 74. e7# 1-0

[Event "World Blitz Women 2025"]
[Site "Doha QAT"]
[Date "2025.12.29"]
[Round "3.39"]
[White "Bodnaruk, Anastasia"]
[Black "Kairbekova, Amina"]
[Result "1-0"]
[WhiteTitle "IM"]
[BlackTitle "WGM"]
[WhiteElo "2357"]
[BlackElo "2353"]
[WhiteFideId "4181751"]
[BlackFideId "13712799"]
[EventDate "2025.12.29"]

1. e4 c5 2. Nf3 e6 3. Nc3 Nc6 4. Be2 Nf6 5. O-O e5 6. Bc4 h6 7. d3 Be7 8. Nd5 d6
9. a4 Nxd5 10. Bxd5 O-O 11. c3 Kh8 12. h3 f5 13. Re1 Bf6 14. Qb3 Ne7 15. Bc4 Ng6
16. a5 Nh4 17. Nxh4 Bxh4 18. Rf1 f4 19. Be6 Bg5 20. f3 Bh4 21. Bd2 Rf6 22. Bxc8
Qxc8 23. Be1 Bxe1 24. Rfxe1 Rg6 25. Kh2 Qd7 26. a6 b6 27. Qd5 Rf8 28. d4 exd4
29. cxd4 cxd4 30. Qxd4 Qe7 31. Re2 Qg5 32. Rc1 Kh7 33. Kh1 Qh5 34. e5 dxe5 35.
Qxe5 Qxe5 36. Rxe5 Rf7 37. Rd5 Re6 38. Rcd1 Re2 39. b4 Ra2 40. b5 Re7 41. R5d4
Ree2 42. Rg1 Reb2 43. Rxf4 Rxb5 44. Rf7 Rxa6 45. Rd1 Ra2 46. Rdd7 Rg5 47. g4
Ra1+ 48. Kg2 Ra2+ 49. Kg3 h5 50. f4 Rg6 51. f5 h4+ 52. Kxh4 Rh6+ 53. Kg5 Rxh3
54. Rxg7+ Kh8 55. Rge7 1-0

[Event "World Blitz Women 2025"]
[Site "Doha QAT"]
[Date "2025.12.29"]
[Round "3.40"]
[White "Shvedova, Alexandra"]
[Black "Kirtadze, Anastasia"]
[Result "1-0"]
[WhiteTitle "WIM"]
[BlackTitle "WIM"]
[WhiteElo "2255"]
[BlackElo "2281"]
[WhiteFideId "54154782"]
[BlackFideId "13622714"]
[EventDate "2025.12.29"]

1. c4 c5 2. Nf3 Nc6 3. Nc3 Nf6 4. g3 g6 5. Bg2 Bg7 6. d4 cxd4 7. Nxd4 O-O 8. O-O
Nxd4 9. Qxd4 d6 10. Qd3 a6 11. b3 Bf5 12. Qe3 Qc7 13. Bb2 Rab8 14. Rac1 Qd7 15.
Rfd1 Rfc8 16. Na4 Ng4 17. Qd2 b5 18. Bxg7 Kxg7 19. cxb5 axb5 20. Nc3 Qa7 21. e3
h5 22. h3 Nf6 23. Ne2 Be4 24. Nd4 Bxg2 25. Qb2 1-0

[Event "World Blitz Women 2025"]
[Site "Doha QAT"]
[Date "2025.12.29"]
[Round "3.41"]
[White "Preobrazhenskaya, Diana"]
[Black "Atalik, Ekaterina"]
[Result "1-0"]
[WhiteTitle "WFM"]
[BlackTitle "IM"]
[WhiteElo "2131"]
[BlackElo "2349"]
[WhiteFideId "34270566"]
[BlackFideId "4130189"]
[EventDate "2025.12.29"]

1. e4 c6 2. d4 d5 3. Nc3 dxe4 4. Nxe4 Bf5 5. Ng3 Bg6 6. h4 h6 7. Nf3 e6 8. Bd3
Bxd3 9. Qxd3 Nf6 10. Bd2 Be7 11. O-O-O O-O 12. Kb1 c5 13. Ne4 Nc6 14. Nxf6+ Bxf6
15. dxc5 Qxd3 16. cxd3 Rfd8 17. Kc2 Rd5 18. g4 Rxc5+ 19. Kb1 Rb5 20. Bc1 Rd8 21.
g5 hxg5 22. hxg5 Bd4 23. Rh2 Kf8 24. b3 Bc5 25. d4 Nxd4 26. Rh8+ Ke7 27. Rxd8
Kxd8 28. Nxd4 Bxd4 29. Rxd4+ Ke8 30. Rh4 Rf5 31. f4 e5 32. fxe5 Rxe5 33. Rb4 b6
34. Ra4 a5 35. Rd4 b5 36. Rd6 b4 37. Ra6 Ke7 38. Bd2 f6 39. g6 f5 40. Bg5+ Kd7
41. Ra7+ Kc6 42. Rxg7 Re1+ 43. Kc2 Re2+ 44. Kd3 Rxa2 45. Bf4 Rg2 46. Rc7+ Kd5
47. g7 a4 48. bxa4 b3 49. Kc3 Ke4 50. Bd6 b2 51. Rb7 Rxg7 52. Rxb2 Ra7 53. Ra2
f4 54. Bc5 Rc7 55. Kc4 f3 56. a5 Rc8 57. a6 Rc7 58. a7 f2 59. Rxf2 1-0

[Event "World Blitz Women 2025"]
[Site "Doha QAT"]
[Date "2025.12.29"]
[Round "3.42"]
[White "Padmini, Rout"]
[Black "Jimenez Fernandez, Rebeca"]
[Result "1-0"]
[WhiteTitle "IM"]
[BlackTitle "WFM"]
[WhiteElo "2354"]
[BlackElo "2137"]
[WhiteFideId "5029295"]
[BlackFideId "32070934"]
[EventDate "2025.12.29"]

1. Nf3 d5 2. g3 Nf6 3. Bg2 e6 4. O-O Be7 5. d3 O-O 6. Nbd2 a5 7. e4 a4 8. a3 c5
9. Re1 Nc6 10. e5 Nd7 11. Nf1 f6 12. exf6 Nxf6 13. Bf4 b5 14. Ng5 e5 15. Bxe5
Nxe5 16. Rxe5 Ng4 17. Rxe7 Qxe7 18. Bxd5+ Kh8 19. Nxh7 Ra6 20. Nxf8 Qxf8 21. f4
Qf6 22. c3 Rd6 23. Be4 b4 24. axb4 cxb4 25. Qxa4 bxc3 26. Qe8+ 1-0

[Event "World Blitz Women 2025"]
[Site "Doha QAT"]
[Date "2025.12.29"]
[Round "3.43"]
[White "Mgeladze, Kesaria"]
[Black "Zhang, Lanlin"]
[Result "1-0"]
[WhiteTitle "WIM"]
[BlackTitle "WIM"]
[WhiteElo "2195"]
[BlackElo "2291"]
[WhiteFideId "13621130"]
[BlackFideId "8608032"]
[EventDate "2025.12.29"]

1. e4 d5 2. exd5 Qxd5 3. Nc3 Qd8 4. d4 Nf6 5. Nf3 g6 6. g3 Bg7 7. Bg2 O-O 8. O-O
c6 9. Bf4 Nbd7 10. Qd2 Nb6 11. b3 Nbd5 12. Nxd5 cxd5 13. c4 Be6 14. Rac1 Rc8 15.
c5 Bf5 16. b4 a6 17. Rfe1 Be4 18. Qe2 Re8 19. Ne5 Bxg2 20. Kxg2 Nh5 21. Bd2 f6
22. Nxg6 hxg6 23. g4 e5 24. gxh5 exd4 25. Qxe8+ Qxe8 26. Rxe8+ Rxe8 27. hxg6 Re2
28. Rd1 f5 29. Kf3 Re6 30. Rg1 d3 31. h4 Re2 32. Rd1 Re4 33. h5 Rh4 34. h6 Bxh6
35. Bxh6 Rxh6 36. Rxd3 Rxg6 37. Rxd5 Rg4 38. a3 Rc4 39. Rd8+ Kf7 40. Rd7+ Ke6
41. Rxb7 Rc3+ 42. Kf4 Rc4+ 43. Kg5 Rg4+ 44. Kh5 Rg2 45. Rb6+ Kd5 46. Rd6+ Ke5
47. Rd2 Rg1 48. Rc2 Rg7 49. c6 Rc7 50. a4 Kd6 51. b5 axb5 52. axb5 Kd5 53. Kg5
Ke5 54. b6 Kd5 1-0

[Event "World Blitz Women 2025"]
[Site "Doha QAT"]
[Date "2025.12.29"]
[Round "3.44"]
[White "Rakshitta, Ravi"]
[Black "Lyutsinger, Iren"]
[Result "1-0"]
[WhiteTitle "WGM"]
[BlackTitle "FM"]
[WhiteElo "2381"]
[BlackElo "2169"]
[WhiteFideId "25073230"]
[BlackFideId "34425969"]
[EventDate "2025.12.29"]

1. e4 c5 2. Nf3 a6 3. c4 Nc6 4. d4 cxd4 5. Nxd4 Nf6 6. Nc3 e5 7. Nf5 d5 8. cxd5
Bxf5 9. exf5 Nd4 10. Bd3 Be7 11. O-O O-O 12. Re1 Nxd5 13. Rxe5 Nxc3 14. bxc3 Bf6
15. Re1 Nb5 16. Bxb5 axb5 17. Qf3 Rc8 18. Bb2 b4 19. Rac1 Qc7 20. cxb4 Qd6 21.
Bxf6 Rxc1 22. Rxc1 Qxf6 23. Qxb7 Qb2 24. Re1 Qxa2 25. g3 h5 26. h4 Qd2 27. Re7
Qd6 28. b5 Rb8 29. Qe4 Rxb5 30. f6 Rb8 31. fxg7 Kxg7 32. Re5 Qd1+ 33. Kg2 Rb6
34. Rg5+ Rg6 35. Qe5+ Kf8 1-0

[Event "World Blitz Women 2025"]
[Site "Doha QAT"]
[Date "2025.12.29"]
[Round "3.45"]
[White "Shubenkova, Veronika"]
[Black "Mamedjarova, Turkan"]
[Result "0-1"]
[WhiteTitle "WFM"]
[BlackTitle "WGM"]
[WhiteElo "2013"]
[BlackElo "2216"]
[WhiteFideId "44124040"]
[BlackFideId "13402005"]
[EventDate "2025.12.29"]

1. d4 Nf6 2. e3 e6 3. f4 c5 4. Nf3 Nc6 5. c3 cxd4 6. exd4 d5 7. Bd3 Bd6 8. Qe2
Qc7 9. f5 Bd7 10. fxe6 Bxe6 11. Bg5 O-O-O 12. O-O Rde8 13. Qc2 Ng4 14. h3 h6 15.
Bd2 Nf6 16. Na3 a6 17. c4 dxc4 18. Nxc4 Bd5 19. Nxd6+ Qxd6 20. Ne5 Kb8 21. Nxc6+
Qxc6 22. Bf4+ Ka8 23. Qxc6 Bxc6 24. Be5 Nd7 25. Rxf7 Nxe5 26. dxe5 Rxe5 27. Rxg7
Rd8 28. Bf1 Rd2 29. b4 Rb2 30. Rc1 Rxa2 31. Rg6 h5 32. Rg3 Rf5 33. Rg8+ Ka7 34.
Rg7 Kb6 35. Rg6 Rff2 36. Rg5 Rfb2 37. Rxh5 Bxg2 38. Bc4 Ra3 39. Rh6+ Ka7 40. Bf1
Bd5 41. Rh5 Rg3+ 0-1

[Event "World Blitz Women 2025"]
[Site "Doha QAT"]
[Date "2025.12.29"]
[Round "3.46"]
[White "Nguyen Hong Anh"]
[Black "Iudina, Veronika"]
[Result "0-1"]
[WhiteTitle "WIM"]
[BlackTitle "WFM"]
[WhiteElo "2010"]
[BlackElo "2204"]
[WhiteFideId "12406732"]
[BlackFideId "24277916"]
[EventDate "2025.12.29"]

1. d4 Nf6 2. c4 e6 3. Nc3 Bb4 4. Nf3 d5 5. g3 O-O 6. Bg2 dxc4 7. O-O Nc6 8. e3
Rb8 9. Nd2 Nd5 10. Qc2 b5 11. Nde4 Be7 12. Rd1 Ncb4 13. Qe2 Nd3 14. Nd2 N5b4 15.
a3 Nxc1 16. Raxc1 Nd3 17. Rb1 Bb7 18. Nf3 a5 19. e4 b4 20. Na4 Ba6 21. Qe3 bxa3
22. bxa3 Rxb1 23. Rxb1 Bxa3 24. Ne5 Nxe5 25. dxe5 Qd3 26. Qe1 Bb4 27. Qc1 c3 28.
Bf1 Qxf1+ 29. Qxf1 Bxf1 30. Kxf1 Rd8 31. Ke2 Rd2+ 32. Kf1 c2 0-1